| 000 | 01635ngm a22003010a 4500 | ||
|---|---|---|---|
| 001 | PT28319 | ||
| 003 | AR-LpoUNG | ||
| 005 | 20210202000419.0 | ||
| 007 | vd cvaizq | ||
| 008 | 191001suuuu||||ag |||||||||||||||||spa d | ||
| 037 | _c$7.80 | ||
| 040 |
_aAR-LpoUNG _bspa _cAR-LpoUNG _eaacr |
||
| 041 | _aspa | ||
| 044 | _aag | ||
| 082 | 0 | _a306.734 376nin | |
| 100 | 1 |
_aMartel, Lucrecia _edir. |
|
| 245 | 1 | 3 | _aLa niña santa |
| 260 |
_aBuenos Aires : _bTranseuropa, _c2007. |
||
| 300 | _aDVD (103 min.) : son., col. | ||
| 505 | 0 | _aCréditos: Producción, Lita Stantic; producción ejecutiva, Pedro Almodóvar, Agustín Almodóvar y Esther García; música, Andrés Gerszenzon; fotografía, Félix Monti; montaje, Santiago Ricci; dirección artística, Graciela Oderigo; vestuario: Julio Suárez. - Elenco: Mercedes Morán (Helena), Carlos Belloso (Dr. Jano), Alejandro Urdapilleta (Freddy), María Alché (Amalia), Julieta Zylberberg (Josefina), Mónica Villa (Madre de Josefina), Marta Lubos (Mirta), Arturo Goetz (Dr. Vesalio), Alejo Mango (Dr. Cuesta), Mía Maestro (Inés). | |
| 520 | _aEn una ciudad de provincia un grupo de adolescentes místicas se preocupa por su rol en el plan divino. Un congreso de otorrinolaringología hace desembarcar a un médico prestigioso. El médico roza a Amalia, una de las adolescentes, en la calle. Quizás Dios la ha llamado para salvar de su falta a este hombre. El consolidado mundo del médico se resquebraja ante la misión sagrada de la chica. | ||
| 650 | 4 | _aDRAMA | |
| 651 | 4 | _aArgentina | |
| 653 | _aCINE ARGENTINO | ||
| 653 | _aVIDEOS | ||
| 905 | _a28319 | ||
| 942 | _cDVD | ||
| 999 |
_c54811 _d54811 |
||